000 00728nam a2200217 a 4500
001 000027751
003 DO-SdBNP
005 20230208101805.0
007 ta
008 110404s1956 dr 000 0 spa d
040 _aDO-SdBNP
_bspa
_cBNPHU
082 _a306
_bI43h
_222
245 0 3 _aLa influencia de Hostos en la cultura dominicana :
_b(respuestas a la encuesta de El Caribe )./
260 _aCiudad Trujillo, República Dominicana :
_bEditora del Caribe,
_c1956.
300 _a267 p. ;
_c23 cm.
590 _aInventariado, 2020/ YL
650 _aEducación
_zRepública Dominicana
_9737
650 _aHostos y Bonilla, Eugenio María de, 1839-1903
_xEnsayos, conferencias, etc
_983089
910 _aYL
942 _2ddc
_cLBS1
999 _c27243
_d27243